000 00826nas a2200265 4500
001 BR0804341
003 BR-BrBNA
005 20231205111802.0
007 ta
008 230509b bl.|||p| |||| 00| 00por d
040 _aBR-BrBNA
_bpor
_cBiblioteca Nacional de Agricultura
041 _a(Pt)
072 _aP35
100 1 _aPeres, T.B.
100 1 _aPapini, S.
100 1 _aMarchetti, M.
100 1 _aLuchini, L.C.
245 1 _aDissipação de endossulfan em amostras de dois tipos de solos brasileiros tratadas em laboratório
650 _aBIODEGRADAÇÃO
650 _aINSETICIDA
650 _aSOLO
773 0 _tPesticidas. Revista de Ecotoxicologia e Meio Ambiente (Brazil)
_xISSN 0103-7277
_g(Jan-Dec 2004), v. 14 p. 11-18
_wBR0804341
909 _a202311
_bLúcia
_c55
_dLúcia Elande
942 _2AGRIS
_n0
_cANA
999 _c194475
_d194475